| 000 | 00419nam a22001697a 4500 | ||
|---|---|---|---|
| 008 | 151012b xxu||||| |||| 00| 0 eng d | ||
| 020 | _a0321165918 | ||
| 041 | 0 | _aeng | |
| 080 | _a336 | ||
| 245 | 0 |
_aPersonal finance / _cJeff Madura. |
|
| 250 | _a2nd ed. | ||
| 260 |
_aBoston: _bPearson education, Inc.; _c2004. |
||
| 300 |
_a648 f.: _bme il.; _c24 cm. |
||
| 650 | 0 | _aFinanca | |
| 650 | 0 | _aPersonale | |
| 942 |
_2udc _cBK |
||
| 999 |
_c1252 _d1252 |
||